000 01481nam a2200361 a 4500
001 ebr10583702
003 CaPaEBR
006 m u
007 cr cn|||||||||
008 120803s2012 enka s 001 0 eng d
020 _z9781849515023
020 _z9781849515030 (e-book)
040 _aCaPaEBR
_cCaPaEBR
035 _a(OCoLC)808340910
050 1 4 _aQA76.73.R83
_bR44 2012eb
100 1 _aRege, Gautam.
245 1 0 _aRuby and MongoDB web development beginner's guide
_h[electronic resource] :
_bcreate dynamic web applications by combining the power of Ruby and MongoDB /
_cGautam Rege.
260 _aBirmingham :
_bPackt Pub.,
_c2012.
300 _aix, 310 p. :
_bill.
490 1 _aOpen source : community experience distilled
500 _a"Learn by doing : less theory, more results."
500 _aIncludes index.
533 _aElectronic reproduction.
_bPalo Alto, Calif. :
_cebrary,
_d2011.
_nAvailable via World Wide Web.
_nAccess may be limited to ebrary affiliated libraries.
650 0 _aRuby (Computer program language)
650 0 _aObject-oriented databases.
650 0 _aDatabase management
_xComputer programs.
650 0 _aOpen source software.
650 0 _aWeb site development.
655 7 _aElectronic books.
_2local
710 2 _aebrary, Inc.
830 0 _aCommunity experience distilled.
856 4 0 _uhttp://site.ebrary.com/lib/rucke/Doc?id=10583702
_zAn electronic book accessible through the World Wide Web; click to view
999 _c82737
_d82737